000
00314nam a22001457a 4500
008
230414b ||||| |||| 00| 0 eng d
020
_a
9780373892716
041
_a
eng
080
_a
615.83
082
_a
615.83VIR
100
_a
16
101
_a
EGZM
245
_a
THE VIRGIN DIET
_c
VIRGIN.JJ
942
_2
udc
_c
BK
999
_c
59555
_d
59555